Relació dels exemplars arqueològics, reproduits i artístics-industrials que constituiexen la colecció donada a perpetuitat per Enric Batlló i Batlló a la Excma. Diputació Provincial de Barcelona
Descripción Física:
[48] f. ; 25 cm
Otros Autores:
Batlló i Batlló, Enric
MARC
| LEADER | 00000nam a2200000Ia 4500 | ||
|---|---|---|---|
| 001 | 10282, 17247 | ||
| 008 | 160829s1914 xx 000 0 cat d | ||
| 080 | |a B-1-368, Lligal 3386, exp. 2 | ||
| 245 | |a Relació dels exemplars arqueològics, reproduits i artístics-industrials que constituiexen la colecció donada a perpetuitat per Enric Batlló i Batlló a la Excma. Diputació Provincial de Barcelona | ||
| 260 | |a Barcelona : |b [Diputació], |c 1914 | ||
| 300 | |a [48] f. ; |c 25 cm | ||
| 590 | |a A la coberta: 'Donatiu de D. Enric Batlló i Batlló a la Excma. Diputació Provincial de Barcelona: 1914'. | ||
| 590 | |a Hi ha un exemplar a 3386, exp. 2 | ||
| 650 | 0 | |a Donacions |9 41977 | |
| 650 | |a Art |9 45531 | ||
| 650 | |a Batlló i Batlló, Enric |9 48498 | ||
| 700 | |a Batlló i Batlló, Enric |9 48498 | ||
| 710 | 1 | |a Barcelona (Catalunya : Província). |b Diputació |9 52408 | |
| 901 | |a Arxiu | ||
| 942 | |n 1 | ||
| 952 | |0 0 |1 0 |4 0 |6 B1368_LLIGAL_3386_EXP_2 |7 1 |9 54602 |a Arxiu |b Arxiu |d 2016-12-01 |l 0 |o B-1-368, Lligal 3386, exp. 2 |p 10282, 17247 |r 2016-12-01 00:00:00 |w 2016-12-01 |y ARXIU | ||
| 999 | |c 58471 |d 58471 | ||